Catalog

Record Details

Catalog Search



Grease [DVD/videorecording] / Paramount Pictures ; ... Read More

Available copies

  • 1 of 1 copy available at LARL/NWRL Consortium. (Show)
  • 1 of 1 copy available at Northwest Regional Library.

Current holds

0 current holds with 1 total copy.

Show Only Available Copies
Location Call Number / Copy Notes Barcode Shelving Location Status Due Date
Roseau Public Library DVD GRE (Text) 35500006399032 New Available -

Record details

  • ISBN: 9786314960049
  • ISBN: 6314960045
  • Physical Description: 1 videodisc (110 min.) : sd., col. ; 4 3/4 in.
  • Edition: Rockin' Rydell ed., widescreen.
  • Publisher: Hollywood, Calif. : Paramount, 2013.

Content descriptions

General Note:
Based on the Broadway play by Jim Jacobs and Warren Casey.
Originally released as a motion picture in 1978.
Features: Rydell sing-along, deleted, extended, and alternate scenes, DVD launch party, Grease ... Read More
Participant or Performer Note:
John Travolta, Olivia Newton-John, Stockard ... Read More
Summary, etc.:
Film version of the musical about high school life ... Read More
Target Audience Note:
MPAA rating: PG.
System Details Note:
DVD, Dolby digital 5.1 surround.
Terms Governing Use and Reproduction Note:
Private home use only.
Language Note:
In English or French with optional English ... Read More
Closed-captioned.
Subject: High school students > Drama.
Dating (Social customs) > Drama.
Man-woman relationships > Drama.
Jacobs, Jim > Film adaptations.
Casey, Warren > Film adaptations.
Genre: Musical films.
Film adaptations.
Video recordings for the hearing impaired.
Fiction films.
Feature films.
LDR 02414cgm a2200589Ka 4500
001162314
003LARL_NWRL_CONSORTIUM
00520220419203844.0
008130606s2013 cau110 g vleng d
020 . ‡a9786314960049
020 . ‡a6314960045
02410. ‡a097361183947
02850. ‡a883929304141
035 . ‡a(OCoLC)71252262 ‡z(OCoLC)846919580
040 . ‡aNOG ‡cNOG ‡dTXHLC ‡dNRG
049 . ‡aNRGQ
08204. ‡a791.43/72 ‡223
1001 . ‡aTravolta, John.
24500. ‡aGrease ‡h[DVD/videorecording] / ‡cParamount Pictures ; produced by Robert Stigwood and Allan Carr ; directed by Randal Kleiser ; screenplay by Bronte Woodard.
250 . ‡aRockin' Rydell ed., widescreen.
260 . ‡aHollywood, Calif. : ‡bParamount, ‡c2013.
300 . ‡a1 videodisc (110 min.) : ‡bsd., col. ; ‡c4 3/4 in.
500 . ‡aBased on the Broadway play by Jim Jacobs and Warren Casey.
500 . ‡aOriginally released as a motion picture in 1978.
500 . ‡aFeatures: Rydell sing-along, deleted, extended, and alternate scenes, DVD launch party, Grease memories from John and Olivia, the moves behind the music, thunder roadsters.
5111 . ‡aJohn Travolta, Olivia Newton-John, Stockard Channing, Eve Arden, Frankie Avalon, Joan Blondell.
520 . ‡aFilm version of the musical about high school life in the 1950's.
5218 . ‡aMPAA rating: PG.
538 . ‡aDVD, Dolby digital 5.1 surround.
540 . ‡aPrivate home use only.
546 . ‡aIn English or French with optional English subtitles.
546 . ‡aClosed-captioned.
650 0. ‡aHigh school students ‡vDrama.
650 0. ‡aDating (Social customs) ‡vDrama.
650 0. ‡aMan-woman relationships ‡vDrama. ‡0(LARL_NWRL_CONSORTIUM)166008
60010. ‡aJacobs, Jim ‡vFilm adaptations.
60010. ‡aCasey, Warren ‡vFilm adaptations.
655 7. ‡aMusical films. ‡2lcgft ‡0(LARL_NWRL_CONSORTIUM)175635
655 7. ‡aFilm adaptations. ‡2lcgft ‡0(LARL_NWRL_CONSORTIUM)175712
655 7. ‡aVideo recordings for the hearing impaired. ‡2lcgft ‡0(LARL_NWRL_CONSORTIUM)175744
655 7. ‡aFiction films. ‡2lcgft ‡0(LARL_NWRL_CONSORTIUM)175626
655 7. ‡aFeature films. ‡2lcgft ‡0(LARL_NWRL_CONSORTIUM)175625
7001 . ‡aKleiser, Randal, ‡d1946-
7001 . ‡aWoodard, Bronté. ‡0(LARL_NWRL_CONSORTIUM)91200
7001 . ‡aTravolta, John, ‡d1954- ‡0(LARL_NWRL_CONSORTIUM)78793
7001 . ‡aNewton-John, Olivia. ‡0(LARL_NWRL_CONSORTIUM)46218
7001 . ‡aChanning, Stockard. ‡0(LARL_NWRL_CONSORTIUM)83468
7001 . ‡aJacobs, Jim. ‡0(LARL_NWRL_CONSORTIUM)76680
7001 . ‡aCasey, Warren. ‡0(LARL_NWRL_CONSORTIUM)181597
901 . ‡a162314 ‡bOCLC ‡c162314 ‡tbiblio

Additional Resources